<?xml version="1.0" encoding="UTF-8"?>
<record
    xmlns:xsi="http://www.w3.org/2001/XMLSchema-instance"
    xsi:schemaLocation="http://www.loc.gov/MARC21/slim http://www.loc.gov/standards/marcxml/schema/MARC21slim.xsd"
    xmlns="http://www.loc.gov/MARC21/slim">

  <leader>00952nam a22001937a 4500</leader>
  <controlfield tag="003">OSt</controlfield>
  <controlfield tag="005">20130522121919.0</controlfield>
  <controlfield tag="008">130522s1994       ||||| |||| 00| 0 spa d</controlfield>
  <datafield tag="040" ind1=" " ind2=" ">
    <subfield code="c">CDMR</subfield>
  </datafield>
  <datafield tag="245" ind1="0" ind2="0">
    <subfield code="a">C&#xF3;digo de &#xE9;tica del periodista venezolano [...]</subfield>
  </datafield>
  <datafield tag="260" ind1=" " ind2=" ">
    <subfield code="a">[Caracas]</subfield>
    <subfield code="b">Oficina Central de Informaci&#xF3;n</subfield>
    <subfield code="c">[1994]</subfield>
  </datafield>
  <datafield tag="300" ind1=" " ind2=" ">
    <subfield code="a">49 p.</subfield>
  </datafield>
  <datafield tag="490" ind1="0" ind2=" ">
    <subfield code="a">Comunicaci&#xF3;n y Mensaje</subfield>
    <subfield code="v">4</subfield>
  </datafield>
  <datafield tag="500" ind1=" " ind2=" ">
    <subfield code="a">Cont&#xE9;: C&#xF3;digo de &#xE9;tica del periodista venezolano ; C&#xF3;digo de &#xE9;tica de la Asociaci&#xF3;n Nacional de Anunciantes (ANDA) y la Federaci&#xF3;n Venezolana de Agencias Publicitarias (FEVAP) ; C&#xF3;digo de &#xE9;tica de la Radiodifusi&#xF3;n Venezolana ; C&#xF3;digo de &#xE9;tica de la Asociaci&#xF3;n de Relaciones P&#xFA;blicas de Venezuela ; C&#xF3;digo de &#xE9;tica de la C&#xE1;mara Venezolana de la Televisi&#xF3;n</subfield>
  </datafield>
  <datafield tag="650" ind1="0" ind2="4">
    <subfield code="9">983</subfield>
    <subfield code="a">&#xC8;tica period&#xED;stica</subfield>
    <subfield code="z">Vene&#xE7;uela</subfield>
  </datafield>
  <datafield tag="650" ind1="0" ind2="4">
    <subfield code="9">419</subfield>
    <subfield code="a">Codis deontol&#xF2;gics</subfield>
  </datafield>
  <datafield tag="710" ind1="1" ind2=" ">
    <subfield code="9">3486</subfield>
    <subfield code="a">Vene&#xE7;uela</subfield>
    <subfield code="b"> -- Oficina Central de Informaci&#xF3;n</subfield>
  </datafield>
  <datafield tag="942" ind1=" " ind2=" ">
    <subfield code="2">udc</subfield>
    <subfield code="c">FULLET</subfield>
  </datafield>
  <datafield tag="999" ind1=" " ind2=" ">
    <subfield code="c">6296</subfield>
    <subfield code="d">6296</subfield>
  </datafield>
  <datafield tag="952" ind1=" " ind2=" ">
    <subfield code="0">0</subfield>
    <subfield code="1">0</subfield>
    <subfield code="4">0</subfield>
    <subfield code="7">0</subfield>
    <subfield code="a">CDMR</subfield>
    <subfield code="b">CDMR</subfield>
    <subfield code="d">2013-01-16</subfield>
    <subfield code="l">0</subfield>
    <subfield code="o">Ci 1.1 /20</subfield>
    <subfield code="p">CDMR13056485</subfield>
    <subfield code="r">2013-05-22</subfield>
    <subfield code="w">2013-05-22</subfield>
    <subfield code="y">FULLET</subfield>
    <subfield code="z">FULLETS</subfield>
  </datafield>
</record>
